_Teaching reading in 21st century(4th ed.) Robert C.Calfee (Record no. 12530)
[ view plain ]
| 000 -LEADER | |
|---|---|
| fixed length control field | 00427nam a2200145Ia 4500 |
| 008 - FIXED-LENGTH DATA ELEMENTS--GENERAL INFORMATION | |
| fixed length control field | 151021s9999 xx 000 0 und d |
| 020 ## - INTERNATIONAL STANDARD BOOK NUMBER | |
| International Standard Book Number | 205498787 |
| 050 ## - LIBRARY OF CONGRESS CALL NUMBER | |
| Classification number | LB 1050.C37 2007 |
| 245 ## - TITLE STATEMENT | |
| Title | _Teaching reading in 21st century(4th ed.) Robert C.Calfee |
| 260 ## - PUBLICATION, DISTRIBUTION, ETC. (IMPRINT) | |
| Place of publication, distribution, etc. | Boston Pearson 2007 |
| 300 ## - PHYSICAL DESCRIPTION | |
| Extent | 171p. |
| 650 ## - SUBJECT ADDED ENTRY--TOPICAL TERM | |
| Topical term or geographic name as entry element | _Reading assessment system |
| 700 ## - ADDED ENTRY--PERSONAL NAME | |
| Personal name | _Wilson,Kathleen M. |
| 980 ## - EQUIVALENCE OR CROSS-REFERENCE-SERIES STATEMENT--PERSONAL NAME/TITLE [LOCAL, CANADA] | |
| Personal name | ^d20120827 04:38:41^oanne |
No items available.